01753 a2200181 45000010006000000050017000060080041000230030015000640400040000790800078001192450126001972500012003232640057003353000019003925051128004110410008015391000024015472958120260407155605.0260407a1972 arg spa dAR-UNSa-BCEJYS aAR-UNSa-BCEJYSbspacAR-UNSa-BCEJYS a336.226.1xImpuestos a las ganancias o los beneficios (Impuesto Diferido)10aEl impuesto a los reditospestudio teórico-práctico del gravamen argentino dentro de la teoría general del impuesto a6a. ed. 1aBuenos Aires :bEdiciones Contabilidad Modernac1972 a978 p.c23 cm. a1. Teoría general y antecedentes argentinos - 2. Objeto del impuesto - 3. Fuente Argentina - 4. Clasificación y análisis de los réditos imponibles - 5. Sujeto del impuesto - 6. Deducciones personales y exenciones - 7. Contabilidad fiscal - 8. Normas generales sobre determinación del rédito - 9. Determinación del rédito de la primera categoría - 10. Determinación del rédito de la segunda categoría - 11. Determinación del rédito de la tercera categoría. Aspectos generales - 12. Amortizaciones - 13. Valuación de las mercaderías en los inventarios - 14. Malos créditos - 15. Previsiiones y reservas - 16. Diferencias de cambio en operaciones en moneda extranjera - 17. Determinación del rédito en la cuarta categoría - 18. Deducciones por inversión y revalúo de activos - 19. Explotaciones agropecuarias - 20. Operaciones inmobiliarias y construcciones - 21. Tratamientos de los réditos de las sociedades de capital y sus accionistas - 22. Problemas derivados de la transformación de empresas - 23. Retención e información - 24. Liquidación e ingresos del impuesto  aspa1 aReig, Enrique Jorge